000 00596nam a2200229Ia 4500
003 OSt
005 20221007072932.0
006 a|||||r|||| 00| 0
007 ta
008 221006b |||||||| |||| 00| 0 eng d
024 _a11,463
037 _cTextual
040 _aFLL
_cFLL
_beng
041 _2eng
_aeng
082 _aV1N, K6
100 _aLuard Evan Ed.
245 0 _aEvolution of international organizations
260 _aLondon
_bThames and hudson London
_c1966
300 _a342p
_ccm.
942 _hV1N, K6
_cTEXL
_2CC
999 _c1147311
_d1147311